| 000 | 00442nam a22001817a 4500 | ||
|---|---|---|---|
| 003 | CEME | ||
| 005 | 20210628204023.0 | ||
| 008 | 210113b xxu||||| |||| 00| 0 eng d | ||
| 020 | _a9693516699 | ||
| 040 | _cceme | ||
| 082 | _a891.4393 RAZ | ||
| 100 |
_aRazia Butt _91005 |
||
| 245 | _aNasoor | ||
| 260 |
_aLAHORE _bSANG-E-MEEL PUB _c2009 |
||
| 300 | _a552P | ||
| 650 |
_aURDU ADAB-NOVEL.URDU LITERATURE-NOVEL. _920927 |
||
| 942 |
_cBK _2ddc |
||
| 999 |
_c575896 _d575896 |
||